| 000 | 00992nam a2200301 a 4500 | ||
|---|---|---|---|
| 001 | 51564 | ||
| 003 | BD-RJUL | ||
| 005 | 20211209075659.0 | ||
| 008 | 160831s1969 nyua b 00110 eng d | ||
| 020 | _a0471443603 | ||
| 035 | _aBD-RJUL 51684 | ||
| 040 |
_aCU-A _cCU-A _dCSt-B _dCStclI _beng |
||
| 041 | _aeng | ||
| 082 |
_223 _a519.5 _bJOD 1969 |
||
| 090 |
_aQA273.6 _b.J621 |
||
| 100 | 1 |
_aJohnson, Norman Lloyd. _9153922 |
|
| 245 | 1 | 0 |
_aDistributions in statistics: discrete distributions / _cNorman L. Johnson, Samuel Kotz. |
| 260 |
_aNew York, NY : _bWiley, _cc1969. |
||
| 300 |
_axvi, 328 p. : _bill. ; _c25 cm. |
||
| 490 | 0 | _aWiley series in probability and mathematical statistics. | |
| 500 | _a"A Wiley-Interscience publication." | ||
| 504 | _aIncludes bibliographical references and index. | ||
| 650 | 0 |
_aDistribution (Probability theory). _9138285 |
|
| 700 | 1 | 0 |
_aKotz, Samuel. _9153923 |
| 740 | 0 | 1 | _aDiscrete distributions. |
| 942 |
_2ddc _cBK |
||
| 999 |
_c51564 _d51564 |
||